Globalización y aceleración /
שמור ב:
| מחבר ראשי: | |
|---|---|
| פורמט: | Texto |
| נושאים: | |
| תגים: |
הוספת תג
אין תגיות, היה/י הראשונ/ה לתייג את הרשומה!
|
MARC
| LEADER | 00000 a a2200000 04500 | ||
|---|---|---|---|
| 001 | 13983 | ||
| 003 | |||
| 040 | |||
| 100 | |a Regnasco, María | ||
| 245 | |a Globalización y aceleración / |c María Regnasco | ||
| 650 | |a LIBERALIZACION DEL INTERCAMBIO | ||
| 650 | |a CAPITAL | ||
| 650 | |a TECNOLOGIA | ||
| 650 | |a SOCIEDAD | ||
| 650 | |a DESIGUALDAD SOCIAL | ||
| 650 | |a POBREZA | ||
| 650 | |a POLITICA | ||
| 650 | |a TRABAJO | ||
| 650 | |a ESTADO | ||
| 773 | |g núm 6, páginas 31-42 | ||
| 999 | |c 37183 |d 37183 | ||
